000 00675nam a2200193 4500
999 _c168939
_d168939
005 20191031164341.0
010 _aENG-126769
020 _a9789386806154
_c1495.00
035 _aEN-110301
037 _bDBAD/PUB
082 _a726.109
100 _aBirendra Kumar Singh
245 _aHindu-Buddhist architecture in southeast Asia /
_cby Birendra Kumar Sood
260 _aNew Delhi
_bIshwar Books
_c2018
270 _aB-29, Arya Nagar CGHS Ltd., Plot No-91, I.P.Extension
_bPatparganj, New Delhi
_e110092
_mishwarbooks@gmail.co,
300 _a280p.
_c24cm(Hb)
500 _aIncludes bibliographical references and index
942 _2ddc
_cEN
_h726.109
_mBIR